| 000 | 00607nam a2200181Ia 4500 | ||
|---|---|---|---|
| 001 | 9002 | ||
| 005 | 20260306160651.0 | ||
| 008 | 260306t2013||||xx |||||||||||||| ||spa|| | ||
| 041 | _aESP | ||
| 082 |
_a372.21 _bP63 |
||
| 100 |
_aPitluk, Laura _eAUT |
||
| 245 | 0 |
_aLas prácticas actuales en la educación inicial: _bsentidos y sin sentidos. Posibles líneas de acción. La autoridad, las sanciones y los límites. El trabajo sobre lo grupal. La especificidad del trabajo en las salas |
|
| 260 | _c2013 | ||
| 300 |
_a286 páginas : _c22 cm. |
||
| 650 | _aGEN | ||
| 654 | _aCED | ||
| 942 |
_cLIB _dJUS _fJUS _2ddc _n |
||
| 999 |
_c9002 _d9002 |
||